Statistics for General Knowledge

Click here to take the quiz!

General Stats

  • This quiz has been taken 12 times
  • The average score is 6 of 10

Answer Stats

QuestionAnswer% Correct
Which country is the biggest?Russia
91%
Which country border Germany?Luxembourg
91%
When is D-DayJune 6, 1945
91%
Who wrote War and PeaceLeo Tolstoy
82%
In World War Two, which three countries land in Normandy in D-day?US, UK and Canada
73%
Which empire has the biggest land in all the history?British Empire
64%
Who is the first emperor of China?Qin Shi Huang
64%
When does Linin die?January 21,1924
36%
How old is Queen Elizabeth II?92
27%
What is the first A-Bomb US drop and when?Trinity, July 16, 1945
18%

Score Distribution

Percentile by Number Answered

Percent of People with Each Score

Your Score History

You have not taken this quiz